LEADER 00885nas a2200229 i 4500 001 000000135780 003 CaOOAMICUS 005 20050311000000.0 008 050311b2004 ne uu u0 0eng r 013 $a109191 040 $aSeMil$bita 245 10$a[2004 : October]. 260 $aLeiden ; Boston :$bBrill,$ccopyr. 2004. 300 $aP. [425]-572, x p. ;$c24 cm. 500 $aArticoli con sintesi in inglese [Abstract] in coda. - Frontespizio del Vol. 54. in coda al fascicolo. 773 0 $tVetus Testamentum.$dLeiden : Brill, 1951.$x0042-4935$w()3098 774 0 $t[vedi periodico].$w()260462 850 $aSeMil 852 $aSeMil$W1$xVenegono$y1$m100 5 36$j89424$B89424$CSeMilBibl$Z2$F94184 $85 961 $aAbbonamento: Brill 996 $6245$a[2004 : October]$9(OLS)http://semarc/title/198479 996 $6260$aLeiden ; Boston :$bBrill$9(OLS)http://semarc/publisher/39473 LEADER 01596nam a2200325 i 4500 001 000000244107 003 CaOOAMICUS 005 20150729000000.0 008 150729s2015 it u000 u ita u 013 $a223012 020 $a978-88-209-9510-2 040 $aSeMil$bita 100 0 $aFranciscus I,$c.$0(OLS)http://semarc/name/2737 245 10$aAperti alla sorpresa di Dio :$bviaggio apostolico in Sri Lanka e Filippine : 12-19 gennaio 2015 /$c[Papa Francesco]. 260 $aCittą del Vaticano :$bLibreria Editrice Vaticana,$c2015. 300 $a115 p. ;$c21 cm. 490 0 $aLe parole di Papa Francesco 650 4$aFrancesco I - Viaggi apostolici - Sri Lanka [e] Filippine.$0(OLS)http://semarc/subject/42534 650 4$aFrancesco I - Scritti, discorsi, omelie, lettere pastorali, etc.$0(OLS)http://semarc/subject/44574 830 3$aLe parole di Papa Francesco.$0(OLS)http://semarc/title/40011 850 $aSeMil 852 $aSeMil$W1$xVenegono$y1$m2A II 542$j194453$B194453$CSeMilBibl$Z2$F205060 $81 900 1 $aBergoglio, Jorge Mario,$d<1936-2025>. 900 0 $aFrancesco I$c. 961 $aOmaggio: Ferraris, Alberto 996 $6020$a978-88-209-9510-2$9(OLS)http://semarc/number/252173 996 $6245$aAperti alla sorpresa di Dio :$bviaggio apostolico in Sri Lanka e Filippine : 12-19 gennaio 2015$9(OLS)http://semarc/title/346071 996 $6260$aCittą del Vaticano :$bLibreria Editrice Vaticana$9(OLS)http://semarc/publisher/29734 LEADER 00834nas a2200229 i 4500 001 000000221282 003 CaOOAMICUS 005 20131118000000.0 008 130701b2013 ne uu u0 0mul r 013 $a200179 040 $aSeMil$bita 245 10$a[2013 : 3]. 260 $aLeiden ; Boston :$bBrill,$ccopyr. 2013. 300 $aP. [351]-513 ;$c24 cm. 500 $aArticoli con sintesi [Abstract] in francese o in inglese in testa. 773 0 $tVetus Testamentum.$dLeiden : Brill, 1951.$x0042-4935$w()3098 774 0 $t[vedi periodico].$w()279353 850 $aSeMil 852 $aSeMil$W1$xVenegono$y1$m100 5 71$j171633$B171633$CSeMilBibl$Z2$F185288 $85 961 $aAbbonamento: Brill 996 $6245$a[2013 : 3]$9(OLS)http://semarc/title/317210 996 $6260$aLeiden ; Boston :$bBrill$9(OLS)http://semarc/publisher/39473 LEADER 01024nam a2200241 i 4500 001 000000178800 003 CaOOAMICUS 005 20251009163422.0 008 090611s1966 it u000 u ita u 040 $aSeMil$bita 100 1 $aNaipaul, Vidiadhar Surajprasad,$d<1932-2018>.$0(OLS)http://semarc/name/91687 245 13$aIl massaggio mistico :$bromanzo /$cV. S. Naipaul ; traduzione di Giorgio Monicelli. 260 $a[Milano] :$bArnoldo Mondadori Editore,$ccopyr. 1966. 300 $a264 p. ;$c20 cm. 490 0 $aMedusa ;$v508 700 1 $aMonicelli, Giorgio,$d<1910-1968>.$0(OLS)http://semarc/name/15498 830 0$aMedusa ;$v508.$0(OLS)http://semarc/title/6850 850 $aSeMil 852 $aSeMil$W1$xVenegono$y1$m1T I 57$j235865$B129570$CSeMilBibl$Z2$F142463 $81 961 $aOmaggio: Giuliani don Angelo 996 $6245$aIl massaggio mistico :$bromanzo$9(OLS)http://semarc/title/256804 996 $6260$a[Milano] :$bArnoldo Mondadori Editore$9(OLS)http://semarc/publisher/29634 LEADER 00885nam a2200241 i 4500 001 000000029196 003 CaOOAMICUS 005 20260304145627.0 008 180830s1977 it u000 u ita u 040 $aSeMil$bita 100 1 $aDostoevskij, Fėdor Michajlovi?,$d<1821-1881>.$0(OLS)http://semarc/name/1325 240 10$aIdiót.$0(OLS)http://semarc/title/420718 245 12$aL'idiota /$cFėdor Dostoevskij. 250 $a3. ed. 264 1$aMilano :$bGarzanti,$c1977. 300 $a2 v. ;$c18 cm. 500 $aI Garzanti. I grandi libri 774 0 $t1.$kGrandi libri Garzanti$g1$w()225244 774 0 $t2.$kGrandi libri Garzanti$g2$w()225245 830 2$aI grandi libri Garzanti.$0(OLS)http://semarc/title/9892 996 $6245$aL'idiota$9(OLS)http://semarc/title/25493 996 $6264$aMilano :$bGarzanti$9(OLS)http://semarc/publisher/29852